000 00525nam a2200181Ia 4500
008 240729s9999 xx 000 0 und d
022 _a2531-1387
245 0 _aHematology, Transfusion and Cell Therapy
260 _aSpain
260 _bElsevier
650 _a Diseases of the blood and blood-forming organs
650 _a Internal medicine
650 _a Specialties of internal medicine
650 _aMedicine
856 _uhttps://doaj.org/toc/bdafd10c05944e049b591271966b6a11
942 _2ddc
942 _cDOAJEJ
999 _c71393
_d71393
945 _a1
_bMadushi Gamage
_c1
_dMadushi Gamage